| 000 | 00531nam a2200157Ia 4500 | ||
|---|---|---|---|
| 008 | 170221s9999 xx 000 0 und d | ||
| 100 | _aSusan Keith | ||
| 245 | _aWebvergence in Practice: Comparing U.S. TV Stations’ and Newspapers’ Online Strategies at a Crucial Moment | ||
| 245 | _cSusan Keith and Leslie-Jean Thornton | ||
| 260 | _bOnline Journal of Communication and Media Technologies | ||
| 260 | _c2013 | ||
| 300 | _a33 : 10 | ||
| 650 | _xCommunication | ||
| 650 | _xMedia Arts | ||
| 856 | _uhttp://www.ojcmt.net/ | ||
| 999 |
_c311091 _d311091 |
||